00590 a2200157 4500020001500000050001900015100003100034245008500065250001200150264004800162300005700210500005100267504005100318650002000369700004300389 a061811532300aD421. FIN 20021 aFindley, Carter V.,d1941-10aTwentieth-century world /cCarter Vaughn Findley, John Alexander Murray Rothney. a5th ed. aNew York:bHoughton mufflin company.,c2002 axxix, 521 p. :bill. (some col.), maps (some col.) ; aIncludes bibliographical references and index. aIncludes bibliographical references and index. 0aHistory, Modern1 aRothney, John Alexander Murray,d1935-